| 000 | 00929 a2200205 4500 | ||
|---|---|---|---|
| 003 | Nust | ||
| 005 | 20170207152515.0 | ||
| 010 | _a 97000483 | ||
| 020 | _a0890068151 | ||
| 040 | _cNust | ||
| 082 | 0 | 0 | _a004.66 |
| 245 | 0 | 0 |
_aAdvanced high-frequency radio communications / _cEric E. Johnson ... [et al.]. |
| 260 |
_aBoston : _bArtech House, _cc1997. |
||
| 300 |
_axxi, 376 p. : _bill. ; _c24 cm. |
||
| 505 | _aHigh Frequency Communication System Engineering (Page-1)High Frequency Sky Wave Channels (Page-35)High Frequency Antennas(Page-129)Conclusions(Page-165)Automatic Link Establishment Signal Structure (Page-191)Automatic Link Establishment Protocol (Page-217)Linking Protections (Page-277)The High Frequency Data Link Protocol (Page-299)High Frequency Radio Networking (Page-325) | ||
| 538 | _aAlmirah No.27 Shelf No.1 | ||
| 650 | 0 | _aShortwave radio. | |
| 650 | 0 | _aWireless communication systems. | |
| 700 | 1 | _aJohnson, Eric E. | |
| 942 | _cREF | ||
| 999 |
_c176020 _d176020 |
||